000 00634nam a2200193Ia 4500
003 GCL
005 20240530103840.0
008 140319s9999 xx 000 0 ara d
040 _aGCL /
_cGCL
082 0 4 _a362.29
_bم ك
100 1 _aمحمد فتحى عيد
245 1 0 _aكارثة المخدرات فى مصر والعالم /
_cمحمد فتحى عيد
260 _aالقاهرة :
_bنهضة مصر للطباعة والنشر والتوزيع
300 _a190 ص
650 0 4 _aادمان المخدرات
650 0 4 _aالمخدرات والشباب
650 0 4 _aمكافحة المخدرات
942 _2ddc
_cBK
999 _c42947
_d42947